El número de oro: ritos y ritmos pitagoricos en el desarrollo de la civilización occidental
Αποθηκεύτηκε σε:
| Κύριος συγγραφέας: | |
|---|---|
| Μορφή: | Βιβλίο |
| Γλώσσα: | Ισπανικά |
| Έκδοση: |
Buenos Aires
Poseidón
1968
|
| Θέματα: | |
| Ετικέτες: |
Προσθήκη ετικέτας
Δεν υπάρχουν, Καταχωρήστε ετικέτα πρώτοι!
|
MARC
| LEADER | 00000nam a2200000 a 4500 | ||
|---|---|---|---|
| 001 | UCQ0046 | ||
| 003 | CL-VaPUC | ||
| 008 | 980619e19680000AG |||||||||||||||||spa|d | ||
| 082 | 0 | 4 | |a 701.17 |b GHY |2 21 |
| 100 | |a Ghyka, Matila Costiescu |e author |9 450732 | ||
| 245 | 1 | 3 | |a El número de oro: ritos y ritmos pitagoricos en el desarrollo de la civilización occidental |
| 300 | |a v | ||
| 942 | |c BK | ||
| 945 | |d 19980619 00:00:00 |a aalvarez | ||
| 260 | |a Buenos Aires |b Poseidón |c 1968 | ||
| 500 | |a v.1: Los ritmos | ||
| 500 | |a v.2: Los ritos | ||
| 600 | 0 | 7 | |a PITAGORAS |2 CL-VaPUC |9 413052 |
| 650 | 0 | |a Estética |9 264950 | |
| 650 | 0 | |a Creación artística |9 266215 | |
| 650 | 0 | |a Diseño artístico |9 330956 | |
| 650 | 0 | |a Arquitectura |9 804558 | |
| 650 | 7 | |a RITOS |2 CL-VaPUC |9 337654 | |
| 650 | 0 | |a Civilizaciones |9 267192 | |
| 650 | 0 | |a Geometría |9 264063 | |
| 650 | 0 | |a Política |9 255312 | |
| 650 | 0 | |a Masonería |9 256238 | |
| 651 | 0 | |a Egipto |9 268199 | |
| 583 | |a last modification |c 19980619 00:00:00 |k Rodrigo Vera | ||
| 999 | |c 271209 |d 271207 | ||
| 952 | |0 0 |1 0 |4 0 |6 701_170000000000000_GHY_1968 |7 0 |8 A |9 305789 |a BIBARQ |b BIBARQ |d 2019-11-20 |h v.1 |i 3437507 |o 701.17 GHY 1968 |p 3437507 |r 2025-01-20 |w 2019-11-20 |y BK |k ARQ | ||
| 952 | |0 0 |1 0 |4 0 |6 701_170000000000000_GHY_1968 |7 0 |8 A |9 305790 |a BIBARQ |b BIBARQ |d 2019-11-20 |h v.2 |i 3437515 |o 701.17 GHY 1968 |p 3437515 |r 2025-01-20 |w 2019-11-20 |y BK |k ARQ | ||